00381pab a2200121 454500008004000000100002400040245009000064260000900154300000900163362001400172650003300186773004000219180718b1990 xxu||||| |||| 00| 0 eng d aVisweswaraiah, S.S. aDiscretionary referralsbCompulsory adjudication and the Industrial Disputes Act 1942 c1990 a1-48 aJan.-Mar. aLabour Dispute - Legislation aJournal of the Indian Law Institute